Tout les buteurs de finale de LDC - Statistiques

Statistiques générales
  • Ce quiz a été pris 284 fois
  • Le résultat moyen est 30 sur 135
Statistiques - réponses
Nombre de Buts Années Équipe Adversaire Passeurs Décisifs Nom du Buteur % Correct
4 2008 ; 2014 ; 2017 Manchester United ; Real Madrid Chelsea ; Atletico de Madrid ; Juventus Wes Brown ; Dani Carvajal ; Luka Modric Cristiano Ronaldo
95%
2 2025 Paris Saint-Germain Inter de Milan Ousmane Dembélé ; Vitinha Désiré Doué
93%
2 2009 ; 2011 FC Barcelone Manchester United Xavi Hernandez ; Andrés Iniesta Lionel Messi
90%
2 2022 ; 2024 Real Madrid Liverpool ; Borussia Dortmund Federico Valverde ; Jude Bellingham Vinicius Jr.
80%
1 2018 Real Madrid Liverpool / Karim Benzema
78%
3 2014 ; 2018 Real Madrid Atletico de Madrid ; Liverpool Marcelo Gareth Bale
77%
1 2025 Paris Saint-Germain Inter de Milan Bradley Barcola Senny Mayulu
77%
1 2025 Paris Saint-Germain Inter de Milan Désiré Doué Achraf Hakimi
67%
1 2015 FC Barcelone Juventus Pedro Neymar Jr.
67%
1 2020 Bayern Munich Paris Saint-Germain Joshua Kimmich Kingsley Coman
65%
2 2014 ; 2016 Real Madrid Atletico de Madrid Luka Modric ; Gareth Bale Sergio Ramos
65%
1 2019 Liverpool Tottenham / Mohamed Salah
63%
1 2023 Manchester City Inter de Milan / Rodri
62%
7 1956 ; 1957 ; 1958 ; 1959 ; 1960 Real Madrid Stade de Reims ; Fiorentina ; AC Milan ; Eintracht Francfort / Alfredo Di Stefano
60%
1 2015 FC Barcelone Juventus / Luis Suarez
59%
1 2002 Real Madrid Bayer Leverkusen Roberto Carlos Zinedine Zidane
58%
1 2021 Chelsea Manchester City Mason Mount Kai Havertz
55%
1 2025 Paris Saint-Germain Inter de Milan Ousmane Dembélé Khvicha Kvaratskhelia
55%
1 2024 Real Madrid Borussia Dortmund Toni Kroos Dani Carvajal
54%
3 1974 ; 1975 Bayern Munich Atletico de Madrid ; Leeds United / Gerd Muller
54%
1 2012 Bayern Munich Chelsea Toni Kroos Thomas Muller
53%
1 2018 Liverpool Real Madrid Dejan Lovren Sadio Mané
52%
2 2006 ; 2009 FC Barcelone Arsenal ; Manchester United Henrik Larsson ; Andrés Iniesta Samuel Eto'o
52%
2 2013 ; 2017 Juventus Borussia Dortmund ; Real Madrid Arjen Robben ; Gonzalo Higuain Mario Mandzukic
51%
1 2013 Bayern Munich Borussia Dortmund / Arjen Robben
50%
1 2012 Chelsea Bayern Munich Juan Mata Didier Drogba
49%
1 2005 Liverpool AC Milan John Riise Steven Gerrard
44%
7 1960 ; 1962 Real Madrid Eintracht Francfort ; SL Benfica / Ferenc Puskas
43%
1 2005 AC Milan Liverpool Andrea Pirlo Paolo Maldini
42%
2 1989 AC Milan FCSB / Marco Van Basten
41%
2 1972 Ajax Amsterdam Inter de Milan / Johann Cruyff
40%
1 2014 Real Madrid Atletico de Madrid Cristiano Ronaldo Marcelo
40%
1 2017 Real Madrid Juventus / Casemiro
39%
1 2011 Manchester United FC Barcelone Ryan Giggs Wayne Rooney
39%
1 2011 FC Barcelone Manchester United Sergio Busquets David Villa
38%
2 2007 AC Milan Liverpool Andrea Pirlo ; Kaka Filippo Inzaghi
38%
1 2015 FC Barcelone Juventus Andrés Iniesta Ivan Rakitic
38%
2 2010 Inter de Milan Bayern Munich Wesley Sneijder ; Samuel Eto'o Diego Milito
37%
3 1962 ; 1963 SL Benfica Real Madrid ; AC Milan / Eusebio
37%
1 2019 Liverpool Tottenham Joël Matip Divock Origi
36%
1 1993 Olympique de Marseille AC Milan Abedi Pelé Basile Boli
35%
2 2000 ; 2002 Real Madrid Valence CF ; Bayer Leverkusen Savio Bortolini ; Roberto Carlos Raul
35%
1 2011 FC Barcelone Manchester United Xavi Hernandez Pedro
33%
1 2017 Real Madrid Juventus Marcelo Marco Asensio
31%
2 1989 AC Milan FCSB / Ruud Gullit
31%
1 2005 Liverpool AC Milan / Xabi Alonso
30%
1 2015 Juventus Juventus / Alvaro Morata
29%
1 2014 Atletico de Madrid Real Madrid Juanfran Diego Godin
28%
1 2008 Chelsea Manchester United / Frank Lampard
28%
2 2005 AC Milan Liverpool Andriy Shevchenko ; Kaka Hernan Crespo
24%
1 2013 Borussia Dortmund Bayern Munich / Ilkay Gundogan
23%
1 1985 Juventus Liverpool / Michel Platini
23%
1 2016 Atletico de Madrid Real Madrid Juanfran Yannick Carrasco
23%
1 2004 FC Porto AS Monaco Dmitriy Alenichev Deco
21%
1 2006 Arsenal FC Barcelone Thierry Henry Sol Campbell
21%
2 1968 Manchester United SL Benfica / Bobby Charlton
16%
1 1997 Juventus Borussia Dortmund Alen Boksic Alessandro Del Piero
14%
1 1968 Manchester United SL Benfica / Georges Best
14%
1 1999 Manchester United Bayern Munich Teddy Sheringham Ole Gunnar Solskjaer
14%
1 1995 Ajax Amsterdam AC Milan Frank Rijkaard Patrick Kluivert
14%
1 2005 Liverpool AC Milan Dietmar Hamann Vladimir Smicer
14%
2 1957 ; 1958 Real Madrid Fiorentina ; AC Milan / Francisco Gento
13%
1 1990 AC Milan SL Benfica Marco Van Basten Frank Rijkaard
13%
1 1994 AC Milan FC Barcelone Demetrio Albertini Marcel Desailly
12%
1 1971 Ajax Amsterdam Panathinaikos / Dick Van Dijk
11%
1 2006 FC Barcelone Arsenal Henrik Larsson Juliano Belletti
11%
1 1992 FC Barcelone Sampdoria José Maria Bakero Ronald Koeman
11%
1 2007 Liverpool AC Milan / Dirk Kuyt
10%
1 2000 Real Madrid Valence CF Michel Salgado Fernando Morientes
10%
1 1978 Liverpool FC Bruges / Kenny Dalglish
10%
1 1987 FC Porto Bayern Munich / Rabah Madjer
10%
1 1999 Manchester United Bayern Munich Ryan Giggs Teddy Sheringham
9%
1 2002 Bayer Leverkusen Real Madrid Bernd Schneider Lucio
8%
1 1997 Borussia Dortmund Juventus Andreas Moller Lars Ricken
6%
1 2001 Valence CF Bayern Munich / Gaizka Mendieta
5%
1 2004 FC Porto AS Monaco / Carlos Alberto
4%
1 2004 FC Porto AS Monaco / Dmitriy Alenichev
4%
1 1996 Ajax Amsterdam Juventus / Jari Litmanen
4%
1 1998 Real Madrid Juventus / Predgar Mijatovic
4%
1 2001 Bayern Munich Valence CF / Stefan Effenberg
4%
1 1977 Borussia Monchengladbach Liverpool / Allan Simonsen
3%
2 1994 AC Milan FC Barcelone Dejan Savisevic ; Roberto Donadoni Daniele Massaro
3%
1 1996 Juventus Ajax Amsterdam / Fabrizio Ravanelli
3%
1 1980 Nottingham Forest Hambourg SV / John Robertson
3%
2 1997 Borussia Dortmund Juventus Paul Lambert ; Andreas Moller Karl-Heinz Riedle
3%
1 1999 Bayern Munich Manchester United / Mario Basler
3%
1 1956 Stade de Reims Real Madrid / Michel Hidalgo
3%
1 1956 Stade de Reims Real Madrid / Michel Leblond
3%
1 2000 Real Madrid Valence CF / Steven McManaman
3%
1 1994 AC Milan FC Barcelone / Dejan Savisevic
2%
1 1956 Stade de Reims Real Madrid / Jean Templin
2%
1 1973 Ajax Amsterdam Juventus / Johnny Rep
2%
3 1964; 1967 Inter de Milan Real Madrid ; Celtic Glasgow / Sandro Mazzola
2%
1 1981 Liverpool Real Madrid / Alan Kennedy
1%
1 1969 AC Milan Ajax Amsterdam / Angelo Sormani
1%
1 1962 SL Benfica Real Madrid / Domiciano Cavem
1%
1 1983 Hambourg SV Juventus / Felix Magath
1%
1 1964 Real Madrid Inter de Milan / Felo
1%
2 1975 ; 1976 Bayern Munich Leeds United ; AS Saint-Etienne / Franz Roth
1%
1 1974 Bayern Munich Atletico de Madrid / Hans-Georg Schwarzenbeck
1%
3 1956 ; 1958 Real Madrid Stade de Reims ; AC Milan / Hector Rial
1%
1 1965 Inter de Milan SL Benfica / Jair
1%
2 1961 ; 1962 SL Benfica FC Barcelone ; Real Madrid / José Aguas
1%
1 1987 FC Porto Bayern Munich Rabah Madjer Juary
1%
1 1987 Bayern Munich FC Porto / Ludwig Kogl
1%
1 1974 Atletico de Madrid Bayern Munich / Luis Aragones
1%
2 1961 ; 1962 SL Benfica FC Barcelone ; Real Madrid / Mario Coluna
1%
1 1956 Real Madrid Stade de Reims / Marquitos
1%
1 1982 Aston Villa Bayern Munich / Peter Withe
1%
2 1977 ; 1984 Liverpool Borussia Monchengladbach ; AS Roma / Phil Neal
1%
3 1969 AC Milan Ajax Amsterdam / Pierino Prati
1%
1 1984 AS Roma Liverpool / Roberto Pruzzo
1%
1 1961 FC Barcelone SL Benfica / Sandor Kocsis
1%
1 1967 Celtic Glasgow Inter de Milan / Stevie Chalmers
1%
1 1977 Liverpool Borussia Monchengladbach / Terry McDermott
1%
2 1967; 1970 Celtic Glasgow Inter de Milan ; Feyernoord / Tommy Gemmell
1%
1 1977 Liverpool Borussia Monchengladbach / Tommy Smith
1%
2 1966; 1969 Partizan Belgrade ; Ajax Amsterdam Real Madrid ; AC Milan / Velibor Vasovic
1%
1 1966 Real Madrid Partizan Belgrade / Amancio Amaro
0%
1 1971 Ajax Amsterdam Panathinaikos / Arie Haan
0%
1 1964 Inter de Milan Real Madrid / Aurelio Milano
0%
1 1968 Manchester United SL Benfica / Brian Kidd
0%
1 1959 Real Madrid Stade de Reims / Enrique Mateos
0%
1 1958 AC Milan Real Madrid / Ernesto Grillo
0%
2 1960 Eintracht Francfort Real Madrid / Erwin Stein
0%
1 1966 Real Madrid Partizan Belgrade / Fernando Serena
0%
1 1968 SL Benfica Manchester United / Jaime Graça
0%
2 1963 AC Milan SL Benfica / José Altafini
0%
1 1958 AC Milan Real Madrid / Juan Alberto Schiaffino
0%
1 1970 Feyernoord Celtic Glasgow / Ove Kindvall
0%
1 1960 Eintracht Francfort Real Madrid / Richard Kress
0%
1 1970 Feyernoord Celtic Glasgow / Rinus Israel
0%
1 1979 Nottingham Forest Malmö FF / Trevor Francis
0%
2 1974 Bayern Munich Atletico de Madrid / Uli Hoeneb
0%
1 1961 FC Barcelone SL Benfica / Zoltan Czibor
0%
Aucun quiz correspondant
Distribution des résultats
% des personnes avec chaque résultat
Percentile par nombre de réponses
Votre historique - résultats
Vous n’avez pas pris ce quiz